日本の市町村1999 #10(九州南部・沖縄) - Statistics

General Stats
  • This quiz has been taken 57 times
  • The average score is 184 of 287
Answer Stats
都道府県 市町村名 % Correct
鹿児島県 大島郡 与論町
100%
熊本県 本渡市
94%
宮崎県 宮崎市
94%
宮崎県 都城市
94%
宮崎県 延岡市
94%
宮崎県 日向市
94%
宮崎県 日南市
94%
宮崎県 小林市
94%
宮崎県 串間市
94%
宮崎県 えびの市
94%
宮崎県 東臼杵郡 椎葉村
94%
宮崎県 西臼杵郡 高千穂町
94%
鹿児島県 鹿児島市
94%
鹿児島県 鹿屋市
94%
鹿児島県 川内市
94%
鹿児島県 出水市
94%
鹿児島県 国分市
94%
鹿児島県 名瀬市
94%
鹿児島県 指宿市
94%
鹿児島県 枕崎市
94%
鹿児島県 加世田市
94%
鹿児島県 大口市
94%
鹿児島県 西之表市
94%
鹿児島県 垂水市
94%
鹿児島県 薩摩郡 薩摩町
94%
鹿児島県 曽於郡 志布志町
94%
鹿児島県 肝属郡 東串良町
94%
鹿児島県 熊毛郡 中種子町
94%
鹿児島県 熊毛郡 南種子町
94%
鹿児島県 大島郡 瀬戸内町
94%
鹿児島県 大島郡 喜界町
94%
沖縄県 那覇市
94%
沖縄県 浦添市
94%
沖縄県 沖縄市
94%
沖縄県 石垣市
94%
沖縄県 島尻郡 南大東村
94%
沖縄県 島尻郡 北大東村
94%
熊本県 熊本市
88%
熊本県 八代市
88%
熊本県 玉名市
88%
熊本県 荒尾市
88%
熊本県 水俣市
88%
熊本県 牛深市
88%
宮崎県 西都市
88%
宮崎県 児湯郡 高鍋町
88%
宮崎県 児湯郡 西米良村
88%
宮崎県 西臼杵郡 日之影町
88%
鹿児島県 阿久根市
88%
鹿児島県 串木野市
88%
鹿児島県 鹿児島郡 桜島町
88%
鹿児島県 鹿児島郡 十島村
88%
鹿児島県 鹿児島郡 三島村
88%
鹿児島県 日置郡 市来町
88%
鹿児島県 川辺郡 川辺町
88%
鹿児島県 姶良郡 姶良町
88%
鹿児島県 熊毛郡 屋久町
88%
鹿児島県 大島郡 徳之島町
88%
鹿児島県 大島郡 天城町
88%
鹿児島県 大島郡 知名町
88%
鹿児島県 大島郡 和泊町
88%
沖縄県 糸満市
88%
沖縄県 平良市
88%
沖縄県 島尻郡 南風原町
88%
沖縄県 島尻郡 与那原町
88%
沖縄県 島尻郡 粟国村
88%
沖縄県 中頭郡 中城村
88%
沖縄県 中頭郡 北中城村
88%
沖縄県 国頭郡 東村
88%
沖縄県 宮古郡 多良間村
88%
沖縄県 八重山郡 与那国町
88%
熊本県 人吉市
81%
熊本県 宇土市
81%
熊本県 菊池市
81%
熊本県 上益城郡 益城町
81%
熊本県 玉名郡 南関町
81%
熊本県 阿蘇郡 阿蘇町
81%
熊本県 阿蘇郡 小国町
81%
熊本県 阿蘇郡 南小国町
81%
熊本県 球磨郡 球磨村
81%
熊本県 球磨郡 五木村
81%
熊本県 天草郡 苓北町
81%
宮崎県 西諸県郡 高原町
81%
宮崎県 東臼杵郡 諸塚村
81%
宮崎県 西臼杵郡 五ヶ瀬町
81%
鹿児島県 川辺郡 知覧町
81%
鹿児島県 出水郡 長島町
81%
鹿児島県 姶良郡 霧島町
81%
鹿児島県 肝属郡 串良町
81%
鹿児島県 大島郡 龍郷町
81%
鹿児島県 大島郡 大和村
81%
沖縄県 宜野湾市
81%
沖縄県 具志川市
81%
沖縄県 石川市
81%
沖縄県 島尻郡 豊見城村
81%
沖縄県 島尻郡 伊平屋村
81%
沖縄県 島尻郡 渡名喜村
81%
沖縄県 国頭郡 国頭村
81%
沖縄県 八重山郡 竹富町
81%
熊本県 山鹿市
75%
熊本県 玉名郡 玉東町
75%
熊本県 菊池郡 大津町
75%
熊本県 阿蘇郡 西原村
75%
熊本県 阿蘇郡 産山村
75%
熊本県 葦北郡 芦北町
75%
熊本県 球磨郡 湯前町
75%
宮崎県 児湯郡 川南町
75%
宮崎県 児湯郡 都農町
75%
宮崎県 東臼杵郡 門川町
75%
宮崎県 北諸県郡 三股町
75%
鹿児島県 日置郡 伊集院町
75%
鹿児島県 薩摩郡 下甑村
75%
鹿児島県 薩摩郡 上甑村
75%
鹿児島県 姶良郡 隼人町
75%
鹿児島県 曽於郡 大崎町
75%
鹿児島県 大島郡 伊仙町
75%
鹿児島県 大島郡 宇検村
75%
沖縄県 名護市
75%
沖縄県 島尻郡 伊是名村
75%
沖縄県 島尻郡 渡嘉敷村
75%
沖縄県 中頭郡 西原町
75%
沖縄県 中頭郡 嘉手納町
75%
沖縄県 中頭郡 北谷町
75%
沖縄県 中頭郡 読谷村
75%
沖縄県 国頭郡 金武町
75%
沖縄県 国頭郡 伊江村
75%
熊本県 上益城郡 御船町
69%
熊本県 宇土郡 三角町
69%
熊本県 玉名郡 長洲町
69%
熊本県 鹿本郡 鹿本町
69%
熊本県 菊池郡 菊陽町
69%
熊本県 菊池郡 合志町
69%
熊本県 阿蘇郡 高森町
69%
熊本県 葦北郡 津奈木町
69%
熊本県 球磨郡 山江村
69%
熊本県 球磨郡 水上村
69%
宮崎県 宮崎郡 佐土原町
69%
宮崎県 東諸県郡 綾町
69%
宮崎県 児湯郡 新富町
69%
宮崎県 児湯郡 木城町
69%
鹿児島県 日置郡 東市来町
69%
鹿児島県 揖宿郡 山川町
69%
鹿児島県 揖宿郡 喜入町
69%
鹿児島県 出水郡 東町
69%
鹿児島県 熊毛郡 上屋久町
69%
鹿児島県 大島郡 笠利町
69%
沖縄県 島尻郡 座間味村
69%
沖縄県 国頭郡 恩納村
69%
沖縄県 国頭郡 宜野座村
69%
沖縄県 国頭郡 今帰仁村
69%
沖縄県 国頭郡 大宜味村
69%
熊本県 宇土郡 不知火町
63%
熊本県 玉名郡 三加和町
63%
熊本県 鹿本郡 植木町
63%
熊本県 菊池郡 西合志町
63%
熊本県 阿蘇郡 白水村
63%
熊本県 球磨郡 多良木町
63%
熊本県 球磨郡 錦町
63%
熊本県 球磨郡 相良村
63%
宮崎県 東臼杵郡 東郷町
63%
鹿児島県 揖宿郡 頴娃町
63%
鹿児島県 川辺郡 笠沙町
63%
鹿児島県 薩摩郡 東郷町
63%
鹿児島県 薩摩郡 里村
63%
鹿児島県 姶良郡 吉松町
63%
鹿児島県 肝属郡 大根占町
63%
鹿児島県 肝属郡 根占町
63%
沖縄県 国頭郡 本部町
63%
熊本県 下益城郡 松橋町
56%
熊本県 玉名郡 岱明町
56%
熊本県 天草郡 天草町
56%
宮崎県 東諸県郡 国富町
56%
宮崎県 東臼杵郡 北郷村
56%
宮崎県 東臼杵郡 西郷村
56%
宮崎県 南那珂郡 南郷町
56%
鹿児島県 出水郡 高尾野町
56%
熊本県 上益城郡 甲佐町
50%
熊本県 上益城郡 嘉島町
50%
熊本県 下益城郡 砥用町
50%
熊本県 鹿本郡 鹿北町
50%
熊本県 阿蘇郡 一の宮町
50%
熊本県 八代郡 鏡町
50%
熊本県 八代郡 千丁町
50%
熊本県 八代郡 泉村
50%
宮崎県 東臼杵郡 北川町
50%
宮崎県 東臼杵郡 北浦町
50%
宮崎県 東臼杵郡 南郷村
50%
宮崎県 南那珂郡 北郷町
50%
鹿児島県 揖宿郡 開聞町
50%
鹿児島県 川辺郡 坊津町
50%
鹿児島県 薩摩郡 宮之城町
50%
鹿児島県 薩摩郡 祁答院町
50%
鹿児島県 伊佐郡 菱刈町
50%
鹿児島県 姶良郡 加治木町
50%
鹿児島県 姶良郡 福山町
50%
鹿児島県 曽於郡 末吉町
50%
鹿児島県 曽於郡 財部町
50%
鹿児島県 曽於郡 松山町
50%
鹿児島県 肝属郡 佐多町
50%
鹿児島県 大島郡 住用村
50%
沖縄県 島尻郡 知念村
50%
沖縄県 中頭郡 勝連町
50%
熊本県 上益城郡 矢部町
44%
熊本県 下益城郡 城南町
44%
熊本県 下益城郡 中央町
44%
熊本県 玉名郡 菊水町
44%
熊本県 鹿本郡 菊鹿町
44%
熊本県 菊池郡 泗水町
44%
熊本県 阿蘇郡 蘇陽町
44%
熊本県 八代郡 坂本村
44%
熊本県 葦北郡 田浦町
44%
熊本県 球磨郡 免田町
44%
熊本県 天草郡 大矢野町
44%
熊本県 天草郡 有明町
44%
熊本県 天草郡 龍ヶ岳町
44%
熊本県 天草郡 御所浦町
44%
熊本県 天草郡 倉岳町
44%
熊本県 天草郡 河浦町
44%
宮崎県 宮崎郡 清武町
44%
宮崎県 西諸県郡 須木村
44%
宮崎県 北諸県郡 山之口町
44%
宮崎県 北諸県郡 高崎町
44%
鹿児島県 鹿児島郡 吉田町
44%
鹿児島県 日置郡 吹上町
44%
鹿児島県 薩摩郡 鹿島村
44%
鹿児島県 姶良郡 栗野町
44%
鹿児島県 曽於郡 大隅町
44%
鹿児島県 曽於郡 有明町
44%
鹿児島県 肝属郡 高山町
44%
鹿児島県 肝属郡 吾平町
44%
沖縄県 島尻郡 東風平町
44%
沖縄県 島尻郡 具志川村
44%
熊本県 上益城郡 清和村
38%
熊本県 下益城郡 小川町
38%
熊本県 玉名郡 天水町
38%
熊本県 鹿本郡 鹿央町
38%
熊本県 菊池郡 七城町
38%
熊本県 菊池郡 旭志村
38%
熊本県 阿蘇郡 長陽村
38%
熊本県 阿蘇郡 久木野村
38%
熊本県 阿蘇郡 波野村
38%
熊本県 八代郡 宮原町
38%
熊本県 球磨郡 上村
38%
熊本県 球磨郡 須恵村
38%
熊本県 松島町
38%
熊本県 天草郡 五和町
38%
宮崎県 宮崎郡 田野町
38%
宮崎県 西諸県郡 野尻町
38%
宮崎県 東臼杵郡 北方町
38%
宮崎県 北諸県郡 山田町
38%
鹿児島県 日置郡 松元町
38%
鹿児島県 薩摩郡 樋脇町
38%
鹿児島県 出水郡 野田町
38%
鹿児島県 姶良郡 蒲生町
38%
鹿児島県 姶良郡 溝辺町
38%
鹿児島県 肝属郡 内之浦町
38%
沖縄県 島尻郡 佐敷町
38%
沖縄県 島尻郡 仲里村
38%
沖縄県 宮古郡 城辺町
38%
熊本県 下益城郡 富合町
31%
熊本県 玉名郡 横島町
31%
熊本県 八代郡 竜北町
31%
熊本県 八代郡 東陽村
31%
熊本県 球磨郡 岡原村
31%
熊本県 球磨郡 深田村
31%
熊本県 天草郡 姫戸町
31%
宮崎県 北諸県郡 高城町
31%
鹿児島県 日置郡 金峰町
31%
鹿児島県 日置郡 郡山町
31%
鹿児島県 日置郡 日吉町
31%
鹿児島県 姶良郡 牧園町
31%
鹿児島県 姶良郡 横川町
31%
鹿児島県 曽於郡 輝北町
31%
鹿児島県 肝属郡 田代町
31%
沖縄県 島尻郡 具志頭村
31%
沖縄県 島尻郡 玉城村
31%
沖縄県 中頭郡 与那城町
31%
沖縄県 宮古郡 下地町
31%
沖縄県 宮古郡 上野村
31%
熊本県 下益城郡 豊野村
25%
熊本県 天草郡 栖本町
25%
熊本県 天草郡 新和町
25%
宮崎県 東諸県郡 高岡町
25%
鹿児島県 川辺郡 大浦町
25%
鹿児島県 薩摩郡 入来町
25%
沖縄県 島尻郡 大里村
25%
鹿児島県 薩摩郡 鶴田町
19%
沖縄県 宮古郡 伊良部町
19%
No matching quizzes found
Score Distribution
Percent of People with Each Score
Percentile by Number Answered
Your Score History
You have not taken this quiz